000 00447nam a22001817a 4500
003 koha_MIRAKIL
005 20231213065339.0
008 231213b |||||||| |||| 00| 0 ||| d
020 _b978-9-75289543-0
040 _aTR-IsEVY
_btur
_cTR-IsEVY
082 _a891.593 HOS/B
100 _aHOSSEINI, KHALED.
245 0 _aBİN MUHTEŞEM GÜNEŞ.
260 _bEVEREST,
_c2008
300 _a492.
650 _aTürk Edebiyatı.
942 _2ddc
_cBK
999 _c2140
_d2140